000
00341nam a2200133Ia 4500
008
190722s9999 xx 000 0 und d
020
_a
978-81-224-3663-1
100
_a
Virendra Kumar
245
0
_a
Digital Technology Principles & Practice
250
_a
2rd
260
_a
India
_b
New Age international
_c
2015
300
_a
625
942
_c
BK
999
_c
992
_d
992